000 00592cam a22002053a 4500
001 37100
003 PGUSA
005 20140828083820.0
008 110815s2011||||xxu|||||s|||||000 | eng d
040 _aPGUSA
_beng
042 _adc
245 1 4 _aThe Backwoodsman; Or, Life on the Indian Frontier
_h[electronic resource]
260 _bProject Gutenberg,
_c2011
506 _aPublic domain in the USA.
516 _aElectronic text
700 1 _aWraxall, Lascelles,
_cSir,
_d1828-1865
830 0 _aProject Gutenberg
_v37100
856 4 0 _uhttp://www.gutenberg.org/ebooks/37100
942 _cEB
999 _c266355
_d266355